| 000 | 00307 a2200121 4500 | ||
|---|---|---|---|
| 999 |
_c321806 _d321806 |
||
| 001 | 86733 | ||
| 003 | NUST | ||
| 005 | 20180123111944.0 | ||
| 008 | 180123b xxu||||| |||| 00| 0 eng d | ||
| 082 | _a891.4394 RAM | ||
| 100 |
_aMuhammad Hanif Ramay _99593 |
||
| 245 |
_aBaaz Aao Aur Zinda Raho _hUrdu |
||
| 260 |
_aLahore _bSang-e-meel Publications _c2008 |
||
| 300 | _a240p. | ||
| 942 |
_aCAE NUST _cBK _k891.4394 RAM _2ddc |
||